000 00776nam a2200229 i 4500
001 66174
003 ES-MaACL
005 20230906165547.0
007 t|
008 040128m19141928sp |||| | spa d
100 1 _aGaillard, G.
_953248
245 1 0 _aTratado de estomatología /
_cpublicado por [G.] Gaillard y Nogué ; traducido y anotado por B. Landete y A. Chornet ; prólogo de Florestán Aguilar.
260 _aValencia :
_b[s.n.],
_c1914-1928 (
_fTip. Moderna)
300 _a10 v. ;
_c25 cm.
595 _aEl v. 10 pertenece a la ed. francesa.
650 0 4 _aEstomatología.
_912557
700 1 _aNogué, Raymond.
_985855
700 1 _aLandete, B.
_969949
700 1 _aChornet, A.
_938620
700 1 _aAguilar, Florestán.
_918691
852 _aES-MaACL
_jC-8693-02
999 _c66174
_d66174